000 00347nam a2200157Ia 4500
001 7901
008 140321s9999 xx 000 0 und d
040 _cPK-LaUMT
082 _a 297
_bMAH-I
100 _aMahmud Barelvi
245 _aIslam and world religions
_cMahmud Barelvi
260 _c1992
300 _a320 p.
546 _aEN
942 _cBK
999 _c9296
_d9296